Holiday Quiz

Random Holiday or Christmas Quiz

Merry Christmas! (Picture Click) Quiz Stats

 Plays Quiz not verified by Sporcle

Also try: Find the Beatles
Challenge
Share
Tweet
Score 0/30 Timer 02:00
0 Plays Today
% Correct
.
97.7%
.
97.4%
.
97.4%
.
97%
.
96.7%
.
96.5%
.
96.5%
.
96.4%
.
96.4%
.
96.1%
.
96%
.
95.6%
.
95.5%
.
95%
.
94.6%
% Correct
.
94.5%
.
94.2%
.
94.1%
.
94%
.
94%
.
93.9%
.
93.5%
.
93.5%
.
93.5%
.
93.4%
.
93.3%
.
93.3%
.
93.2%
.
93.1%
.
92.7%

You're not logged in!

Compare scores with friends on all Sporcle quizzes.
OR
Log In

You Might Also Like...

Show Comments

Extras

Top Quizzes Today


Score Distribution

Your Account Isn't Verified!

In order to create a playlist on Sporcle, you need to verify the email address you used during registration. Go to your Sporcle Settings to finish the process.

Report this User

Report this user for behavior that violates our Community Guidelines.

Details: